Score 0/16 Timer 02:00
0 Plays Today
Scrambled Movie Title Answer % Correct
EHT RAKD NKIGHTThe Dark Knight
99.2%
WNE MONONew Moon
93.7%
INKG OKGNKing Kong
93.6%
TVAARAAvatar
93.3%
TEH RAMITX ROELAEDDThe Matrix Reloaded
92.1%
ARLPE ARHOBRPearl Harbor
78%
SCAT AWYACast Away
77.7%
UAUNQTM FO AOSCELQuantum of Solace
74.8%
Scrambled Movie Title Answer % Correct
INFDGIN ENOMFinding Nemo
69.9%
HTE ALTS RAIMSUAThe Last Samurai
60.9%
CONEAS LVEEENOcean's Eleven
54.2%
IACSON RLAYOECasino Royale
33%
UATLTROILAERatatouille
27.2%
PIASERMDNSpider-man
26.8%
ERATSFNRMROSTransformers
22.9%
ACKONCHHancock
9.7%
Remove Ads.
Support Sporcle.
Get the best of Sporcle when you Go Orange. This ad-free experience offers more features, more stats, and more fun while also helping to support Sporcle. Thank you for becoming a member.

You're not logged in!

Compare scores with friends on all Sporcle quizzes.
OR
Log In

Show Comments

Extras

Top Quizzes Today


Score Distribution

Your Account Isn't Verified!

In order to create a playlist on Sporcle, you need to verify the email address you used during registration. Go to your Sporcle Settings to finish the process.

Report this User

Report this user for behavior that violates our Community Guidelines.

Details: